Pays les moins aimés dans le monde - Statistiques

Statistiques générales
  • Ce quiz a été pris 2 615 fois
  • Le résultat moyen est 11 sur 20
Statistiques - réponses
Top Pays % Correct
5 Russie
92%
6 Chine
88%
8 États-Unis
87%
9 Israël
80%
1 Corée du Nord
79%
2 Iran
75%
12 Irak
69%
4 Afghanistan
64%
3 Syrie
59%
11 Pakistan
58%
7 Arabie Saoudite
57%
19 Brésil
55%
10 Turquie
54%
13 Yémen
40%
18 Corée du Sud
35%
14 Libye
33%
15 Venezuela
23%
16 Myanmar
14%
20 Honduras
6%
17 Zimbabwe
3%
Aucun quiz correspondant
Distribution des résultats
% des personnes avec chaque résultat
Percentile par nombre de réponses
Votre historique - résultats
Vous n’avez pas pris ce quiz